| 000 | 00846cam a22001814a 4500 | ||
|---|---|---|---|
| 005 | 20250605164357.0 | ||
| 008 | 250528s ||||||||||||||||||||||||d | ||
| 035 | _a24408 | ||
| 040 |
_aGR-AtMCL _bgre _dGR-AtMCL _eAACR2 |
||
| 245 | 1 | _aBiopharma Processing and Delivery / An In-Depth Focus that Includes Bioproduction Monitoring Antibodies and the Manufacture of Robust Biologic Drug Products | |
| 260 |
_bRussel Publishing Ltd, _c2018 |
||
| 300 | _a84 | ||
| 520 | _aThe Path to Clinic: Recent Developments in Turning Promising Compounds Into Drug Candidates, Reviewing the Latest Trends in Pharmaceutical Microbiology and Their Implications, Track and Trace Roundtable Debate Features the Views of Five Industry Leaders on this Topic. | ||
| 700 | 1 |
_aStones Mike _99461 |
|
| 942 | _cCR | ||
| 999 |
_c9292 _d9292 |
||